| 000 | 00420nam a22001577a 4500 | ||
|---|---|---|---|
| 003 | OSt | ||
| 008 | 260430b |||||||| |||| 00| 0 eng d | ||
| 082 |
_a635.642 _bC31H |
||
| 100 | _aChaudhary, Vinit Kumar | ||
| 245 | _aHeterosis in Tomato (Lycopersicon Esculentum Mill.) | ||
| 260 |
_aPusa, Samastipur _bRAU _c2005 |
||
| 300 | _a58P. | ||
| 502 |
_bMsc. _d2005 |
||
| 650 | _aVegetables and Floriculture | ||
| 942 |
_2ddc _cT |
||
| 999 |
_c50322 _d50322 |
||